000 00669nam a22002657a 4500
003 UA-OsUOA
001 26277
007 ta
008 20040525b un ||||| |||| 00| 0 ukr d
100 _aДавыдов Н.А.
700 _aКоровкин П.П.
700 _aНикольский В.Н.
090 _a51
_bД13
942 _cBK
040 _aUA-OsUOA
_brus
_cUA-OsUOA
_dUA-OsUOA
245 _aСборник задач по математическому анализу
300 _a193 с.
955 _a0
041 _arus
080 _a51
260 _aМосква
_bУЧПЕДГИЗ
_c1957
044 _aRU
650 7 _2UDC
999 _c312596
_d312596